00311nam a22001217a 4500020001500000082001200015100002400027245003300051260002100084300000700105500004200112650003500154 a0800089798 a546 INO aInorganic Chemistry aInorganic Chemistry : Book 3 aLondonbPergamon a42 aA-Level Chemistry Book 3 With Answers achemistryaInorganic chemistry